000 00576nam a2200193Ia 4500
003 IN-BaIIA
008 211028s9999 xx 000 0 eng d
020 _a0-460-04535-0
040 _cIIA Library
080 _a52-37
_bHOY
100 _aHoyle, Fred
_92304
245 0 _aEvolution from space
_cFred Hoyle and Chandra Wickramasinghe
260 _aLondon
_bJ. M. Dent & Sons
_c1981
300 _axii, 176p.
650 _aAstronomy and astrophysics thesaurus
650 _aCosmology
650 _aOrigin of life
_93519
942 _cBK
999 _c7229
_d7229